| 000 | 00508nam a2200157 i 4500 | ||
|---|---|---|---|
| 001 | 78340 | ||
| 003 | ES-MaACL | ||
| 005 | 20230906173649.0 | ||
| 007 | t| | ||
| 008 | 041013s1923 xxk ||||1| eng d | ||
| 100 | 1 |
_aHardy, Thomas. _961838 |
|
| 245 | 1 | 4 |
_aThe dynasts an Epic-drama of the war with Napoleon _b: in three parts, nineteen acts and one hundred and thirty scenes / _cThomas Hardy. |
| 260 |
_aLondon : _bMacmillan and CÂș, _c1923. |
||
| 300 |
_aXXI, 525 p. ; _c19 cm. |
||
| 852 |
_aES-MaACL _jF-1174 |
||
| 999 |
_c78340 _d78340 |
||